000 00876nam a2200241 a 4500
001 BRCA_6625
005 20190320205531.0
008 061011s1969----u--a######---#000-0#eng-#
041 _aeng
044 _au
050 4 _aND673.R8
_b.R83 1969
245 1 0 _aRubens
_bthe Antwerp Altarpieces : the Raising of the Cross, The Descent from the Cross
_cedited by John Rupert Martin.
260 _aE. U. A.
_bW. W. Norton & Company
_cc1969
300 _axiii, 132 p.
_bil. (algunas a color)
_c21 cm.
440 0 _aA Norton critical study in art history
_916336
500 _aDonación Dra. Elsa Barberena
504 _aBibliografía: p. [131]-132
600 1 4 _aRubens, Peter Paul
_d1577-1640
_tRaising of the Cross
_916591
600 1 4 _aRubens, Peter Paul
_d1577-1640
_tDescent from the Cross
_916592
700 1 _aMartin, John Rupert
_eed.
_916593
902 _aDEB
942 _2lcc
_cB
999 _c6309
_d6309